000 01073nam0a2200289 4500
001 RU\NLR\bibl\820792
005 20250614135314.0
010 _a966-641-113-X
_91000
035 _a(NLR Aleph) 000809708
090 _a1233396
_c1233396
100 _a20050715d2005 |||y0rusy50 ca
101 0 _aukr
102 _aRU
105 _ay |||||||||
200 1 _aЩо за горизонтом?
_fБорис Мокiн
210 _aВiнниця
_cУнiверсум
_d2005
215 _a506 с.
_d20
300 _aНа обороте тит.л. авт.: д.т.н., проф., засл. дiяч науки i технiки Украïни, акад.
320 _aДр. работы авт. на обороте тит.л.
601 0 2 _aВинницкий национальный технический университет
_92530312
_3RU\NLR\auth\661498782
686 _aЧ488.74(2Ук)7
700 1 _aМокiн
_bБ. I.
_gБорис Iванович
_4070
801 0 _aRU
_bNLR
_c20050715
_grcr
801 1 _aRU
_bNLR
_c20050715
942 _cBOOK
980 _aNB